Virtuálna realita a jej využitie v praxi bakalárska práca

Na minha lista:
Detalhes bibliográficos
Autor principal: Kaňka, Erik
Autor Corporativo: Fakulta hospodárskej informatiky EU. Katedra aplikovanej informatiky
Outros Autores: Ondrejková, Anna
Formato: Livro
Idioma:eslovaco
Publicado em: Bratislava 2019
Tags: Adicionar Tag
Sem tags, seja o primeiro a adicionar uma tag!

MARC

LEADER 00000nbm a2200000 4500
001 0255913
005 20191206094919.6
041 0 |a slo 
044 |a SK 
245 1 0 |a Virtuálna realita a jej využitie v praxi  |b bakalárska práca  |c Erik Kaňka ; školiteľ: Anna Ondrejková 
264 1 |a Bratislava  |c 2019 
300 |a 42 s. 
100 1 |a Kaňka, Erik 
700 1 |a Ondrejková, Anna 
710 2 |a Fakulta hospodárskej informatiky EU. Katedra aplikovanej informatiky